Ηθικά Ζητήματα στην Ψυχολογία (Record no. 6014)
[ view plain ]
| 000 -LEADER | |
|---|---|
| fixed length control field | 01261cam a22001934a 4500 |
| 005 - ΗΜΕΡΟΜΗΝΙΑ ΚΑΙ ΩΡΑ ΤΕΛΕΥΤΑΙΑΣ ΕΝΗΜΕΡΩΣΗΣ | |
| Πεδίο ελέγχου | 20250605163522.0 |
| 008 - FIXED-LENGTH DATA ELEMENTS--GENERAL INFORMATION | |
| Πεδίο ελέγχου σταθερού μήκους | 250528s ||||||||||||||||||||||||d |
| 035 ## - SYSTEM CONTROL NUMBER | |
| System control number | 20937 |
| 020 ## - ISBN | |
| ISBN | 9789608731035 |
| 040 ## - ΠΗΓΗ ΚΑΤΑΛΟΓΟΓΡΑΦΗΣΗΣ | |
| Φορέας πρωτότυπης καταλογογράφησης | MC Athens Campus Library |
| Γλώσσα καταλογογράφησης | Ελληνικά, Μοντέρνα (1453-) |
| Modifying agency | MC Athens Campus Library |
| Κανόνες περιγραφικής καταλογογράφησης | AACR2 |
| 245 1# - ΤΙΤΛΟΣ ΚΑΙ ΔΗΛΩΣΗ ΥΠΕΥΘΥΝΟΤΗΤΑΣ | |
| Τίτλος | Ηθικά Ζητήματα στην Ψυχολογία |
| 260 ## - PUBLICATION, DISTRIBUTION, ETC. | |
| Name of publisher, distributor, etc. | Ινστιτούτο Ψυχολογίας Και Υγείας, |
| Date of publication, distribution, etc. | 2008 |
| 300 ## - PHYSICAL DESCRIPTION | |
| Extent | 464 |
| 520 ## - SUMMARY, ETC. | |
| Summary, etc. | Το βιβλίο απευθύνεται όχι μόνο σε ψυχολόγους, αλλά και σε όλους τους επαγγελματίες ψυχικής υγείας με στόχο να ενθαρύνει τον προβληματισμό, την αναρώτηση και τη συζήτηση για τα ηθικά ζητήματα που αντιμετωπίζουμε καθημερινά στην επαγγελματική μας πρακτική. Ηθική και Δεοντολογία και Επαγγελματική Ευθύνη, Ηθικά Ζητήματα στον Ακαδημαικό Χώρο, Ηθικά Ζητήματα στις Εφαρμογές της Ψυχολογίας. |
| 700 1# - ΠΡΟΣΘΕΤΗ ΑΝΑΓΡΑΦΗ--ΦΥΣΙΚΟ ΠΡΟΣΩΠΟ | |
| Personal name | Αναγνωστοπούλου Τάνια |
| 942 ## - ADDED ENTRY ELEMENTS (KOHA) | |
| Koha item type | Books |
| Τύπος τεκμηρίου | Βιβλιοθήκη | Τρέχουσα τοποθεσία | Barcode | Αριθμός εισαγωγής | Ημερομηνία απόκτησης | Ταξιθετικό σύμβολο | Αριθμός αντιτύπου | Κατάσταση απόσυρσης | Κατάσταση χαμένου | Κατάσταση κατεστραμμένου | Μη δανεισμός | Σύνολο δανεισμών | Ημερομηνία τελευταίας εμφάνισης | Η τιμή ισχύει από |
|---|---|---|---|---|---|---|---|---|---|---|---|---|---|---|
| Books | MC Athens Campus Library | MC Athens Campus Library | 9780000060136 | 6673 | 05/06/2025 | 170 ANA | 1 | 05/06/2025 | 05/06/2025 |